| 000 | 00000nam##2200000za#4500 |
| 001 | 9.587617 |
| 003 | CaOODSP |
| 005 | 20210624194723 |
| 007 | cr ||||||||||| |
| 008 | 150406|2008||||xxc|||||o f|0| 0 eng|d |
| 022 | |a1701-1280 |
| 040 | |aCaOODSP|beng |
| 041 | |aeng |
| 041 | |afre |
| 043 | |an-cn--- |
| 086 | 1 |aFs70-4/2008-007-PDF |
| 110 | 1 |aCanada. |bDepartment of Fisheries and Oceans. |
| 245 | 10|aNational Workshop on Modelling Tools for Ecosystem Approaches to Management / |h[electronic resource]|cAlida Bundy ... [et al.]. |
| 260 | |aOttawa - Ontario : |bFisheries and Oceans Canada |cMay 2008. |
| 300 | |a98p.|bfig., references, tables |
| 490 | 1 |aCanadian Science Advisory Secretariat proceedings series|x1701-1280|v2008/007 |
| 500 | |a"22-25 October 2007, Harbour Towers Hotel & Suites, Victoria, British Columbia, Canada". |
| 504 | |aBibliography. |
| 590 | |a11-28-Supp|b2011-11-17 |
| 792 | |tAtelier national sur les outils de modélisation pour les approches de gestion écosystémiques / |efre|w(CaOODSP)9.587618 |
| 830 | #0|aProceedings series (Canadian Science Advisory Secretariat)|x1701-1280|v2008/007|w(CaOODSP)9.500507 |
| 856 | 40|ahttp://publications.gc.ca|qPDF|s800 KB|uhttps://publications.gc.ca/collections/collection_2011/mpo-dfo/Fs70-4-2008-007.pdf|y2008/007 |